El héroe absurdo en la obra de Updikei Styron: Bellow y Salinger
Gardado en:
| Autor Principal: | |
|---|---|
| Formato: | Libro |
| Idioma: | Undetermined |
| Publicado: |
Buenos Aires, Argentina
Fraterna
1985
|
| Materias: | |
| Etiquetas: |
Engadir etiqueta
Sen Etiquetas, Sexa o primeiro en etiquetar este rexistro!
|
MARC
| LEADER | 00000nam a2200000Ia 4500 | ||
|---|---|---|---|
| 008 | 170316s9999 xx 000 0 und d | ||
| 040 | |a cru BVZT | ||
| 090 | |a 810 G-5h | ||
| 100 | |a Galloway, David | ||
| 245 | |a El héroe absurdo en la obra de Updikei Styron: Bellow y Salinger | ||
| 260 | |a Buenos Aires, Argentina | ||
| 260 | |b Fraterna | ||
| 260 | |c 1985 | ||
| 300 | |a 367 páginas | ||
| 650 | |a LITERATURA ESTADOUNIDENSE | ||
| 999 | |c 5683 |d 5683 | ||
| 942 | |c 15 D |h 810 G-5h |2 z | ||
